[Event "Hessen-chB"]
[Site "Marburg"]
[Date "2006.04.13"]
[Round "4.31"]
[White "Ullmann, Stefan"]
[Black "Siegismund, Verena"]
[Result "1-0"]
[WhiteElo "1663"]
[BlackElo "1169"]
[PlyCount "75"]
[EventDate "2006.04.13"]
[EventType "swiss"]
[EventRounds "7"]
[EventCountry "GER"]
[SourceTitle "EXT 2007"]
[Source "ChessBase"]
[SourceDate "2006.11.23"]
[SourceVersion "1"]
[SourceVersionDate "2006.11.23"]
[SourceQuality "1"]

1. c4 d6 2. g3 g6 3. Bg2 Bg7 4. d4 c6 5. Nc3 Nf6 6. e4 0-0 7. Nge2 Bd7 8. 0-0 Re8 9. h3 e5 10. d5 a6 11. Be3 b5 12. cxb5 cxd5 13. Nxd5 Bxb5 14. Re1 Nxd5 15. Qxd5 Nc6 16. a3 Rc8 17. Rac1 Ne7 18. Qd2 Rxc1 19. Rxc1 d5 20. exd5 Nxd5 21. Bxd5 Bxe2 22. Bxf7+ Kxf7 23. Qxe2 Qd6 24. Qc4+ Kf6 25. b4 Bf8 26. Bc5 Qc6 27. Bxf8 Qxc4 28. Rxc4 Rxf8 29. Rc6+ Ke7 30. Rxa6 Rb8 31. Kf1 Rd8 32. Ke2 Rd4 33. b5 Kd7 34. a4 Kc7 35. Ke3 Kb7 36. f4 Rd5 37. Ke4 Rd7 38. fxe5 1-0